[Event "October TNT"]
[Site "Winnipeg CAN"]
[Date "2002.10.15"]
[Round "3"]
[White "Rutter, Blair"]
[Black "Remillard, John"]
[Result "0-1"]
[WhiteElo "1619"]
[BlackElo "1544"]
[PlyCount "143"]
[EventDate "2002.10.01"]
[EventType "swiss"]
[EventRounds "4"]
[EventCountry "CAN"]

1. d4 Nf6 2. c4 e6 3. Nc3 Bb4 4. Bd2 d5 5. e3 O-O 6. Nf3 c5 7. a3 Bxc3 8. Bxc3
cxd4 9. Bxd4 Nc6 10. Bc3 Ne4 11. Qc2 Ng5 12. Be2 dxc4 13. Rd1 Nxf3+ 14. Bxf3
Qc7 15. O-O b5 16. b4 Bb7 17. Qb2 f6 18. Qc2 Rad8 19. Rc1 Rf7 20. Bg4 f5 21.
Bf3 Ne7 22. e4 Ng6 23. exf5 exf5 24. Bh5 Be4 25. Qb2 Qc6 26. f3 Bd3 27. Rfe1
Rfd7 28. Bxg6 Qxg6 29. Re5 Re8 30. Rce1 Rxe5 31. Rxe5 a6 32. Qc1 Kf8 33. Qe3
Qf7 34. Qb6 Re7 35. Qd6 Qe8 36. Bd4 Kf7 37. Qd5+ Re6 38. h3 h5 39. Kf2 h4 40.
Qb7+ Qe7 41. Qxe7+ Rxe7 42. Rxe7+ Kxe7 43. Bxg7 Kf7 44. Bc3 Kg6 45. Bd2 Kf6 46.
g3 hxg3+ 47. Kxg3 Ke5 48. Bc3+ Ke6 49. Kf4 Kf7 50. Kg5 Kg8 51. f4 Kh7 52. Kf6
Kh6 53. Ke6 Kh5 54. Kd6 Kh4 55. Kc6 Kxh3 56. Kb6 Kg4 57. Be5 c3 58. Bxc3 Kxf4
59. Kxa6 Ke4 60. Kb6 f4 61. Be1 f3 62. Kc5 Ke3 63. Bh4 f2 64. Bxf2+ Kxf2 65.
Kd4 Bf1 66. Kc3 Ke3 67. Kc2 Kd4 68. Kb2 Bc4 69. Kc2 Bd5 70. Kb2 Kd3 71. a4 bxa4
72. b5 0-1

[Event "October TNT"]
[Site "Winnipeg CAN"]
[Date "2002.10.15"]
[Round "3.2"]
[White "Proulx, Roy"]
[Black "Van Wyk, Joseph"]
[Result "1-0"]
[WhiteElo "1733"]
[BlackElo "1833"]
[PlyCount "69"]
[EventDate "2002.10.01"]
[EventType "swiss"]
[EventRounds "4"]
[EventCountry "CAN"]

1. d4 d5 2. Nf3 Bf5 3. Bf4 e6 4. Nbd2 c5 5. e3 Nc6 6. Bb5 Qb6 7. c4 dxc4 8.
Bxc6+ bxc6 9. O-O cxd4 10. Nxc4 Qb4 11. Qxd4 Rd8 12. Qc3 Qxc3 13. bxc3 Bd3 14.
Rfd1 Bxc4 15. Rxd8+ Kxd8 16. Ne5 Be2 17. Nxf7+ Ke8 18. Nxh8 Nf6 19. Rb1 Nd7 20.
Rb7 a6 21. Nf7 Nc5 22. Rc7 Bb5 23. Bd6 Ne4 24. Bxf8 Kxf8 25. Ne5 Nxc3 26. Nxc6
Nxa2 27. Nd4 e5 28. Nxb5 axb5 29. Rc5 b4 30. Kf1 b3 31. Rb5 Nc1 32. Ke1 e4 33.
Kd2 b2 34. Rxb2 Nd3 35. Rb5 1-0

[Event "October TNT"]
[Site "Winnipeg CAN"]
[Date "2002.10.22"]
[Round "4"]
[White "Greenberg, Harley"]
[Black "Hogeveen Rutter, Alexander"]
[Result "1-0"]
[WhiteElo "1781"]
[BlackElo "1443"]
[PlyCount "41"]
[EventDate "2002.10.01"]
[EventType "swiss"]
[EventRounds "4"]
[EventCountry "CAN"]
[Source "ChessBase"]
[SourceDate "2003.11.25"]

1. d4 d5 2. c4 dxc4 3. Nc3 Nf6 4. g3 Nc6 5. d5 Ne5 6. Bg2 e6 7. Bg5 Be7 8. Qd4
Ng6 9. Rd1 exd5 10. Nxd5 Nxd5 11. Bxe7 Ngxe7 12. Qxg7 Rf8 13. Bxd5 Nxd5 14.
Qe5+ Be6 15. e4 c6 16. exd5 Qa5+ 17. Kf1 O-O-O 18. Nf3 Bxd5 19. Qf5+ Be6 20.
Qxa5 Bh3+ 21. Ke1 1-0

[Event "October TNT"]
[Site "Winnipeg CAN"]
[Date "2002.10.22"]
[Round "4"]
[White "Milord, Frank"]
[Black "Kohalmi, Andy"]
[Result "1-0"]
[WhiteElo "1635"]
[BlackElo "1575"]
[PlyCount "67"]
[EventDate "2002.10.01"]
[EventType "swiss"]
[EventRounds "4"]
[EventCountry "CAN"]

1. e4 c5 2. Nf3 e6 3. d4 cxd4 4. Nxd4 a6 5. Nc3 Qc7 6. f4 Bb4 7. Qd3 Nf6 8. Be2
d5 9. e5 Ne4 10. Bd2 Nxd2 11. Qxd2 O-O 12. a3 Bc5 13. O-O-O b5 14. h4 b4 15.
axb4 Bxb4 16. Rh3 Bd7 17. Qd3 Rc8 18. g4 Bxc3 19. Qxc3 Qxc3 20. Rxc3 Rxc3 21.
bxc3 a5 22. Bb5 a4 23. c4 Ra5 24. Kb2 dxc4 25. Bxd7 Nxd7 26. Nxe6 fxe6 27. Rxd7
c3+ 28. Ka3 Rd5 29. Rxd5 exd5 30. Kxa4 d4 31. Kb3 Kf7 32. Kc4 d3 33. Kxd3 Ke6
34. h5 1-0

[Event "October TNT"]
[Site "Winnipeg CAN"]
[Date "2002.10.22"]
[Round "4"]
[White "Proulx, Roy"]
[Black "Czypinski, Jaroslaw"]
[Result "1/2-1/2"]
[WhiteElo "1733"]
[BlackElo "1913"]
[PlyCount "23"]
[EventDate "2002.10.01"]
[EventType "swiss"]
[EventRounds "4"]
[EventCountry "CAN"]

1. e4 e6 2. d4 d5 3. Bd3 dxe4 4. Bxe4 Nf6 5. Bg5 Be7 6. Bd3 O-O 7. Nf3 Nc6 8.
O-O b6 9. c3 Bd7 10. Nbd2 h6 11. Bxf6 Bxf6 12. Ne4 1/2-1/2

[Event "October TNT"]
[Site "Winnipeg CAN"]
[Date "2002.10.22"]
[Round "4"]
[White "Van Wyk, Joseph"]
[Black "Rutter, Blair"]
[Result "1/2-1/2"]
[WhiteElo "1833"]
[BlackElo "1619"]
[PlyCount "36"]
[EventDate "2002.10.01"]
[EventType "swiss"]
[EventRounds "4"]
[EventCountry "CAN"]

1. e4 e6 2. d4 d5 3. exd5 exd5 4. Nf3 Nf6 5. Bg5 Be7 6. Bd3 O-O 7. O-O c5 8.
dxc5 Bxc5 9. Nc3 Be6 10. Re1 Nc6 11. a3 a6 12. Qd2 Re8 13. Qf4 Be7 14. Qh4 h6
15. Bxh6 Ng4 16. Bg5 Nh6 17. Bxe7 Rxe7 18. Ng5 Rd7 1/2-1/2

[Event "Oktoberfest op"]
[Site "Kitchener CAN"]
[Date "2002.10.12"]
[Round "3"]
[White "Becker, Paul"]
[Black "Miletic, Damir"]
[Result "1-0"]
[WhiteElo "1971"]
[BlackElo "2204"]
[PlyCount "73"]
[EventDate "2002.10.11"]
[EventType "swiss"]
[EventRounds "5"]
[EventCountry "CAN"]
[Source "CFC"]
[SourceDate "2003.02.??"]

1. e4 e5 2. Nf3 f5 3. d3 Nc6 4. c3 Nf6 5. Bg5 h6 6. Bxf6 Qxf6 7. Nbd2 Be7 8.
Qb3 d6 9. h4 a5 10. a4 Nd8 11. O-O-O Be6 12. Qc2 O-O 13. Re1 b5 14. axb5 a4 15.
Kb1 Qf7 16. c4 c6 17. d4 fxe4 18. Nxe4 cxb5 19. d5 Bf5 20. Nfd2 Nb7 21. Bd3
bxc4 22. Nxc4 Rfc8 23. Qe2 Rcb8 24. g4 Bh7 25. g5 a3 26. Reg1 Na5 27. Nf6+ Bxf6
28. Bxh7+ Kxh7 29. g6+ Kh8 30. gxf7 Nxc4 31. Qxc4 Rxb2+ 32. Kc1 e4 33. Qc6 Rbb8
34. Qxd6 a2 35. Kd2 Rb2+ 36. Ke3 Rb3+ 37. Kf4 1-0

[Event "Oktoberfest op"]
[Site "Kitchener CAN"]
[Date "2002.10.13"]
[Round "4"]
[White "Cummings, David"]
[Black "Ochkoos, Jura"]
[Result "1-0"]
[WhiteElo "2473"]
[BlackElo "2350"]
[PlyCount "53"]
[EventDate "2002.10.11"]
[EventType "swiss"]
[EventRounds "5"]
[EventCountry "CAN"]
[Source "CFC"]
[SourceDate "2002.12.??"]

1. c4 e6 2. g3 d5 3. Bg2 c5 4. Nf3 Nf6 5. d4 Nc6 6. cxd5 exd5 7. O-O Be7 8. Be3
c4 9. Ne5 O-O 10. b3 cxb3 11. Qxb3 Na5 12. Qa4 a6 13. Bd2 Nc4 14. Nxc4 b5 15.
Qc2 bxc4 16. Nc3 Be6 17. Bg5 Rb8 18. e3 Qa5 19. Rab1 Bb4 20. Bxf6 Bxc3 21. Be5
Rb5 22. e4 Rd8 23. a4 Rxb1 24. Rxb1 dxe4 25. Bxe4 Bxd4 26. Bxd4 Rxd4 27. Qc3
1-0

[Event "Olympiade"]
[Site "Charlesbourg CAN"]
[Date "2002.11.26"]
[Round "6"]
[White "Filion, Rene"]
[Black "Arteau, Benoit"]
[Result "0-1"]
[WhiteElo "1475"]
[BlackElo "1675"]
[PlyCount "136"]
[EventDate "2002.10.29"]
[EventType "team"]
[EventRounds "5"]
[EventCountry "CAN"]

1. e4 Nf6 2. d3 Nc6 3. g3 d5 4. Nd2 e5 5. Bg2 Bc5 6. h3 dxe4 7. Nxe4 Nxe4 8.
Bxe4 Qd4 9. Qe2 Bd7 10. Nf3 Qd6 11. Be3 O-O-O 12. Nd2 Bxe3 13. fxe3 f5 14. Bg2
f4 15. Ne4 Qg6 16. gxf4 exf4 17. O-O-O fxe3 18. Rdg1 Qe6 19. Kb1 Nb4 20. Nc3
Rhf8 21. a3 Rf2 22. Qg4 Nxc2 23. Qxe6 Bxe6 24. Ne4 Re2 25. Bf3 Nxa3+ 26. bxa3
Ra2 27. Bg4 Bxg4 28. Kxa2 Bf3 29. Rh2 Rxd3 30. Ng5 Bd5+ 31. Kb2 Rb3+ 32. Kc1
Rxa3 33. Rb2 h6 34. Nh7 Be4 35. Rb4 Ra1+ 36. Kb2 Rxg1 37. Rxe4 Rg2+ 38. Kc3 e2
39. Kd2 Rg3 40. h4 Rf3 41. Kxe2 Rf5 42. Rg4 Rf7 43. Re4 Kd7 44. Ke3 g6 45. Rd4+
Kc8 46. Ng5 hxg5 47. hxg5 Rf5 48. Rg4 Kd7 49. Kd4 c5+ 50. Kc4 Kc6 51. Kc3 b5
52. Re4 Rxg5 53. Re6+ Kd5 54. Ra6 Rg3+ 55. Kc2 Kc4 56. Rxa7 Rg2+ 57. Kd1 b4 58.
Rd7 b3 59. Rf7 g5 60. Kc1 g4 61. Rf5 Kb4 62. Re5 c4 63. Re8 g3 64. Rg8 Kc3 65.
Rd8 b2+ 66. Kb1 Rg1+ 67. Ka2 b1=Q+ 68. Ka3 Qb3# 0-1

[Event "Once a Month"]
[Site "Winnipeg CAN"]
[Date "2002.11.24"]
[Round "1.1"]
[White "Hogeveen Rutter, Alexander"]
[Black "Vincent, Trevor"]
[Result "0-1"]
[WhiteElo "1489"]
[BlackElo "1937"]
[PlyCount "48"]
[EventDate "2002.12.15"]
[EventType "swiss"]
[EventRounds "4"]
[EventCountry "CAN"]

1. e4 c5 2. Nf3 g6 3. d4 Bg7 4. c3 cxd4 5. cxd4 Nf6 6. Nc3 O-O 7. e5 Ne8 8. Bc4
d6 9. O-O Nc6 10. Bf4 Bg4 11. d5 Nxe5 12. Bxe5 Bxe5 13. Re1 Nf6 14. h3 Bxf3 15.
Qxf3 Rc8 16. Bb3 Nd7 17. g4 Nb6 18. h4 Nc4 19. Bxc4 Rxc4 20. h5 Rf4 21. Qh3 f5
22. f3 fxg4 23. fxg4 Rf3 24. Qh1 Qb6+ 0-1

[Event "Once a Month"]
[Site "Winnipeg CAN"]
[Date "2002.11.24"]
[Round "1.2"]
[White "Lauritson, Jim"]
[Black "Gray, Colin"]
[Result "1-0"]
[WhiteElo "1924"]
[BlackElo "1176"]
[PlyCount "89"]
[EventDate "2002.12.15"]
[EventType "swiss"]
[EventRounds "4"]
[EventCountry "CAN"]

1. e4 c6 2. d4 d5 3. exd5 cxd5 4. Bd3 Nf6 5. c3 Bg4 6. Nf3 e6 7. Bf4 Bd6 8.
Bxd6 Qxd6 9. Nbd2 Nc6 10. O-O O-O 11. Re1 Rfe8 12. h3 Bh5 13. g4 Bg6 14. Bxg6
fxg6 15. Ne5 Qc7 16. f4 Nd7 17. Ndf3 Rf8 18. Qd2 Ndxe5 19. Nxe5 Rf6 20. Rf1
Nxe5 21. fxe5 Rf7 22. Rxf7 Qxf7 23. Rf1 Qe7 24. Qf4 Rf8 25. Qxf8+ Qxf8 26.
Rxf8+ Kxf8 27. Kf2 Ke7 28. Ke3 b5 29. b3 h6 30. Kd3 Kd7 31. c4 Kc6 32. cxb5+
Kxb5 33. Kc3 a5 34. a4+ Kb6 35. b4 g5 36. Kb3 g6 37. Ka3 h5 38. Kb3 h4 39.
bxa5+ Kxa5 40. Ka3 Ka6 41. Kb4 Kb6 42. a5+ Ka6 43. Ka4 Ka7 44. Kb5 Kb7 45. Kc5
1-0

[Event "Once a Month"]
[Site "Winnipeg CAN"]
[Date "2002.11.24"]
[Round "1.3"]
[White "Still, Graham"]
[Black "Mu, Yuchen"]
[Result "0-1"]
[WhiteElo "996"]
[BlackElo "1878"]
[PlyCount "62"]
[EventDate "2002.12.15"]
[EventType "swiss"]
[EventRounds "4"]
[EventCountry "CAN"]

1. d4 Nf6 2. c4 g6 3. Nc3 Bg7 4. Bg5 O-O 5. e4 d6 6. Nf3 c6 7. Be2 Nbd7 8. O-O
h6 9. Bxf6 Nxf6 10. h3 Qc7 11. Qd2 Rd8 12. Rfc1 e5 13. d5 c5 14. a3 Nh5 15. b4
b6 16. b5 Nf4 17. a4 Kh8 18. Re1 f5 19. exf5 Nxe2+ 20. Rxe2 gxf5 21. Rae1 Qf7
22. Qc1 Rg8 23. Qd2 Qg6 24. Nh4 Qh5 25. g3 Bf6 26. Kh2 Bxh4 27. gxh4 Qxh4 28.
Rg1 Bd7 29. Rxg8+ Rxg8 30. Re3 f4 31. Rf3 Bxh3 0-1

[Event "Once a Month"]
[Site "Winnipeg CAN"]
[Date "2002.11.24"]
[Round "1.4"]
[White "Rutter, Blair"]
[Black "Suarez Amaya, Sasha"]
[Result "1-0"]
[WhiteElo "1649"]
[BlackElo "1129"]
[PlyCount "87"]
[EventDate "2002.12.15"]
[EventType "swiss"]
[EventRounds "4"]
[EventCountry "CAN"]

1. d4 Nc6 2. Nf3 d5 3. Bf4 e6 4. e3 Bd6 5. Bxd6 cxd6 6. a3 e5 7. Be2 e4 8. Nfd2
f5 9. f4 Qh4+ 10. g3 Qh3 11. Bf1 Qg4 12. Qxg4 fxg4 13. c4 Be6 14. Nc3 Nge7 15.
Rc1 Rf8 16. b4 a6 17. Rb1 b5 18. cxb5 axb5 19. Nxb5 Kd7 20. Rb3 Rfb8 21. Be2
Rb6 22. O-O Rab8 23. Nc3 Nxb4 24. axb4 Rxb4 25. Bb5+ R4xb5 26. Rxb5 Rc8 27. Rc1
Kd8 28. Rb6 h6 29. Rxd6+ Bd7 30. Nb3 Rc4 31. Nc5 Rxc5 32. dxc5 Kc7 33. Nxd5+
Nxd5 34. Rxd5 g5 35. Re5 Bc6 36. f5 h5 37. f6 h4 38. f7 Kd8 39. f8=Q+ Kc7 40.
Qd6+ Kb7 41. Re7+ Ka6 42. Qxc6+ Ka5 43. Qb6+ Ka4 44. Ra1# 1-0

[Event "Once a Month"]
[Site "Winnipeg CAN"]
[Date "2002.12.15"]
[Round "2.1"]
[White "Vincent, Trevor"]
[Black "Pottinger, Carl"]
[Result "1-0"]
[WhiteElo "1937"]
[BlackElo "1521"]
[PlyCount "39"]
[EventDate "2002.12.15"]
[EventType "swiss"]
[EventRounds "4"]
[EventCountry "CAN"]

1. c4 e5 2. g3 Nf6 3. Bg2 d5 4. cxd5 Nxd5 5. Nc3 Be6 6. Nf3 Nc6 7. O-O Qd7 8.
d4 Nxc3 9. bxc3 exd4 10. Nxd4 Nxd4 11. cxd4 c6 12. Qd3 Bh3 13. Bxh3 Qxh3 14.
Rb1 Qd7 15. Qe4+ Kd8 16. Bf4 Qe7 17. Qxe7+ Bxe7 18. Rxb7 g5 19. Bd2 Re8 20.
Ba5+ 1-0

[Event "Once a Month"]
[Site "Winnipeg CAN"]
[Date "2002.12.15"]
[Round "2.5"]
[White "Sigurdson, Matthew"]
[Black "Gibbons, Michael"]
[Result "0-1"]
[WhiteElo "768"]
[BlackElo "2111"]
[PlyCount "102"]
[EventDate "2002.12.15"]
[EventType "swiss"]
[EventRounds "4"]
[EventCountry "CAN"]

1. e4 d6 2. d4 g6 3. Nf3 Bg7 4. g3 c5 5. dxc5 Qa5+ 6. Nc3 Bxc3+ 7. bxc3 Qxc3+
8. Bd2 Qxc5 9. Bg2 Nf6 10. O-O Nc6 11. Re1 O-O 12. Rb1 Rb8 13. c3 a6 14. Qc2
Ng4 15. Bc1 Nce5 16. Nxe5 Nxe5 17. Be3 Qc4 18. Rb4 Qd3 19. Rb2 Qxc2 20. Rxc2
Bg4 21. Rb1 b5 22. h3 Bf3 23. Bxf3 Nxf3+ 24. Kg2 Ne5 25. f4 Nc4 26. Bc1 Rfc8
27. Kf3 b4 28. h4 Na3 29. Bxa3 bxa3 30. Rbc1 Rb2 31. Ke2 Rxc3 32. Rxb2 axb2 33.
Rb1 Rxg3 34. Kf2 Rh3 35. Kg2 Rxh4 36. Kg3 Rh5 37. Rxb2 Rb5 38. Rc2 Kg7 39. Rc6
Ra5 40. Rc2 h5 41. Kh4 Ra4 42. Re2 d5 43. Kg5 Rb4 44. Re3 Ra4 45. a3 Rc4 46. f5
f6+ 47. Kh4 gxf5 48. Kxh5 Rxe4 49. Rf3 f4 50. Kg4 e5 51. Kf5 Re3 0-1

[Event "Once a Month"]
[Site "Winnipeg CAN"]
[Date "2002.12.15"]
[Round "2.6"]
[White "Kohalmi, Andy"]
[Black "Cleto, Sam"]
[Result "0-1"]
[WhiteElo "1554"]
[BlackElo "1834"]
[PlyCount "80"]
[EventDate "2002.12.15"]
[EventType "swiss"]
[EventRounds "4"]
[EventCountry "CAN"]

1. d4 Nf6 2. c4 e6 3. Nf3 Bb4+ 4. Bd2 Nc6 5. Nc3 O-O 6. Qc2 d5 7. e3 Ne4 8. a3
Nxd2 9. Nxd2 Be7 10. Bd3 h6 11. O-O Na5 12. b4 Nxc4 13. Nxc4 dxc4 14. Bxc4 b6
15. Qe4 Rb8 16. Bd3 f5 17. Qf3 Qe8 18. Qe2 Bb7 19. Nb5 a6 20. Nxc7 Qc6 21. f3
Qxc7 22. Rac1 Qd6 23. Rc2 Rbc8 24. Rfc1 Rxc2 25. Rxc2 a5 26. Bc4 axb4 27. axb4
Ra8 28. g3 Ra1+ 29. Kg2 Bd5 30. e4 fxe4 31. fxe4 Bxc4 32. Qxc4 Rd1 33. d5 exd5
34. Qb3 Rd4 35. Re2 Qxb4 36. Qxb4 Bxb4 37. exd5 Rd2 38. Kf3 Rxe2 39. Kxe2 Kf7
40. Kd3 Ke7 0-1

[Event "Once a Month"]
[Site "Winnipeg CAN"]
[Date "2002.12.15"]
[Round "2.8"]
[White "Trueman, Francis"]
[Black "Still, Graham"]
[Result "1-0"]
[WhiteElo "1523"]
[BlackElo "996"]
[PlyCount "63"]
[EventDate "2002.12.15"]
[EventType "swiss"]
[EventRounds "4"]
[EventCountry "CAN"]

1. Nf3 Nc6 2. d3 e5 3. g3 d5 4. Bg2 Nf6 5. O-O Bc5 6. c3 Bb6 7. Bg5 O-O 8. Nbd2
Bg4 9. e4 d4 10. c4 Rc8 11. Re1 h6 12. Bxf6 Qxf6 13. Rb1 Nb4 14. Qb3 Ba5 15. a3
Na2 16. Qxa2 Bxf3 17. b4 Bxg2 18. Kxg2 Bb6 19. c5 Bxc5 20. bxc5 Rb8 21. Rb3 Qc6
22. Rc1 b6 23. Qc2 g6 24. cxb6 Qxc2 25. Rxc2 axb6 26. Rxc7 f5 27. Rc6 b5 28.
exf5 gxf5 29. Rxh6 e4 30. dxe4 fxe4 31. Nf1 d3 32. Rd6 1-0

[Event "Ontario-ch w"]
[Site "Toronto CAN"]
[Date "2002.08.12"]
[Round "1"]
[White "Kagramanov, Dina"]
[Black "Xia, Angel"]
[Result "1-0"]
[WhiteElo "2067"]
[BlackElo "1788"]
[PlyCount "39"]
[EventDate "2002.08.12"]
[EventType "tourn"]
[EventRounds "6"]
[EventCountry "CAN"]

1. e4 e5 2. Nf3 Nc6 3. Bc4 Nf6 4. d3 h6 5. Nbd2 Bc5 6. c3 d6 7. Nf1 O-O 8. Ng3
Bb6 9. O-O Kh8 10. h3 Ne8 11. d4 exd4 12. cxd4 Ne7 13. Nh4 d5 14. exd5 Nxd5 15.
Nhf5 Nd6 16. Bd2 Be6 17. Qc1 Qd7 18. Bd3 Rfd8 19. Bxh6 Bxf5 20. Bxg7+ 1-0

[Event "Ontario-ch w"]
[Site "Toronto CAN"]
[Date "2002.08.12"]
[Round "1"]
[White "Mitrovic, Bojana"]
[Black "Rodina, Nataliya"]
[Result "0-1"]
[WhiteElo "2146"]
[BlackElo "1879"]
[PlyCount "100"]
[EventDate "2002.08.12"]
[EventType "tourn"]
[EventRounds "6"]
[EventCountry "CAN"]

1. Nf3 f5 2. g3 Nf6 3. Bg2 e6 4. O-O d5 5. d3 Bd6 6. Nbd2 O-O 7. Re1 c6 8. e4
fxe4 9. dxe4 Bc5 10. exd5 exd5 11. Nb3 Bd6 12. Be3 Bg4 13. h3 Bxf3 14. Bxf3
Nbd7 15. Nd4 Re8 16. Nf5 Ne5 17. Bg2 Ng6 18. Bg5 Be5 19. h4 h6 20. Be3 Ne7 21.
Nd4 Qd7 22. Bxh6 Bxd4 23. Qxd4 Nf5 24. Qf4 Nxh6 25. c4 Rxe1+ 26. Rxe1 Re8 27.
Rxe8+ Qxe8 28. Bf3 Qd7 29. cxd5 cxd5 30. Qb8+ Kh7 31. Qxa7 Ne4 32. Qd4 Qf5 33.
Kg2 Nf7 34. g4 Qe5 35. Qxe5 Nxe5 36. Bd1 Kg8 37. Bb3 Nc4 38. Bxc4 dxc4 39. Kf3
Nd6 40. Ke3 Kf7 41. Kd4 b5 42. Kd5 b4 43. Kd4 Ke6 44. f4 g6 45. a3 c3 46. Kd3
cxb2 47. Kc2 bxa3 48. f5+ Nxf5 49. gxf5+ Kxf5 50. Kb1 Kg4 0-1

[Event "Ontario-ch w"]
[Site "Toronto CAN"]
[Date "2002.08.12"]
[Round "1"]
[White "Sviridovitch, Alina"]
[Black "Belc, Daniela"]
[Result "1-0"]
[WhiteElo "1790"]
[BlackElo "2138"]
[PlyCount "101"]
[EventDate "2002.08.12"]
[EventType "tourn"]
[EventRounds "6"]
[EventCountry "CAN"]

1. d4 d5 2. c4 e6 3. Nc3 Nf6 4. Bg5 c6 5. e3 Bb4 6. Qc2 Nbd7 7. cxd5 exd5 8.
Bd3 O-O 9. Bxh7+ Kh8 10. Bd3 Qa5 11. Nge2 Ne4 12. Bxe4 dxe4 13. h4 Re8 14. O-O
Nf6 15. a3 Bxc3 16. Qxc3 Qb5 17. Nf4 Nh7 18. a4 Qf5 19. Ne2 Nxg5 20. Ng3 Nf3+
21. gxf3 Qxf3 22. Kh2 Qg4 23. Rh1 Re6 24. Qc2 Rh6 25. h5 Bf5 26. Qd1 Qg5 27.
Kg1 Re8 28. Kf1 Bg4 29. Qb3 Bxh5 30. Rxh5 Rxh5 31. Qxf7 Rh4 32. Qxe8+ Kh7 33.
Qe5 Qg4 34. Re1 g6 35. Qc7+ Kg8 36. Qb8+ Kg7 37. Qxb7+ Kg8 38. Qb8+ Kg7 39.
Qxa7+ Kg8 40. Qa8+ Kg7 41. Qxc6 Rh2 42. Qc7+ Kg8 43. Qb8+ Kh7 44. Qf4 Qh3+ 45.
Ke2 Qc8 46. Qxe4 Qc4+ 47. Kd1 Qxa4+ 48. Kd2 Rxf2+ 49. Ne2 Qa5+ 50. Kc2 Qc7+ 51.
Kb1 1-0

[Event "Ontario-ch w"]
[Site "Toronto CAN"]
[Date "2002.08.13"]
[Round "2"]
[White "Belc, Daniela"]
[Black "Mitrovic, Bojana"]
[Result "1-0"]
[WhiteElo "2138"]
[BlackElo "2146"]
[PlyCount "49"]
[EventDate "2002.08.12"]
[EventType "tourn"]
[EventRounds "6"]
[EventCountry "CAN"]

1. d4 g6 2. c4 Bg7 3. Nc3 c5 4. Nf3 d6 5. dxc5 dxc5 6. Qxd8+ Kxd8 7. Bf4 Bxc3+
8. bxc3 Nc6 9. g3 Be6 10. Bg2 Na5 11. Nd2 g5 12. Bxg5 Nxc4 13. Nb3 Na3 14.
O-O-O+ Ke8 15. Nxc5 Bxa2 16. Bxb7 Rb8 17. Bc6+ Kf8 18. Nd7+ Kg7 19. Nxb8 Nf6
20. Bxf6+ exf6 21. Kb2 Rxb8+ 22. Kxa2 Nc4 23. Rb1 Rc8 24. Bd5 Nb6 25. c4 1-0

[Event "Ontario-ch w"]
[Site "Toronto CAN"]
[Date "2002.08.13"]
[Round "2"]
[White "Rodina, Nataliya"]
[Black "Kagramanov, Dina"]
[Result "0-1"]
[WhiteElo "1879"]
[BlackElo "2067"]
[PlyCount "118"]
[EventDate "2002.08.12"]
[EventType "tourn"]
[EventRounds "6"]
[EventCountry "CAN"]

1. e4 c5 2. Nc3 e6 3. f4 Nc6 4. Nf3 d5 5. Bb5 Nf6 6. Ne5 Qc7 7. exd5 exd5 8.
Qf3 a6 9. Bxc6+ bxc6 10. O-O Bd6 11. d3 O-O 12. Bd2 Be6 13. Rae1 Rae8 14. Nd1
d4 15. Nc4 Bd5 16. Qf2 Bxc4 17. dxc4 Ne4 18. Qe2 Nxd2 19. Qxd2 Bxf4 20. Qd3
Bxh2+ 21. Kh1 Bg3 22. Re2 Qd6 23. Nf2 Rxe2 24. Qxe2 Qe6 25. Qf3 Qe3 26. Ng4
Qxf3 27. Rxf3 Bd6 28. Kg1 Rb8 29. b3 Re8 30. Kf1 h5 31. Nf2 Re3 32. Rxe3 dxe3
33. Nd1 Bf4 34. Ke2 Kf8 35. Nc3 f5 36. Na4 Bd6 37. Kxe3 Ke7 38. Nc3 Ke6 39. Ne2
g5 40. Kf3 h4 41. Kf2 g4 42. Ke3 h3 43. gxh3 gxh3 44. Kf3 h2 45. Kg2 f4 46.
Kxh2 f3+ 47. Kg1 fxe2 48. Kf2 e1=Q+ 49. Kxe1 Ke5 50. c3 Ke4 51. Kd2 a5 52. a3
Be7 53. Ke2 Bg5 54. b4 cxb4 55. cxb4 axb4 56. axb4 Kd4 57. b5 c5 58. b6 Bf4 59.
b7 Kxc4 0-1

[Event "Ontario-ch w"]
[Site "Toronto CAN"]
[Date "2002.08.13"]
[Round "2"]
[White "Xia, Angel"]
[Black "Sviridovitch, Alina"]
[Result "1-0"]
[WhiteElo "1788"]
[BlackElo "1790"]
[PlyCount "119"]
[EventDate "2002.08.12"]
[EventType "tourn"]
[EventRounds "6"]
[EventCountry "CAN"]

1. e4 c5 2. Nf3 e6 3. d4 cxd4 4. Nxd4 a6 5. c4 Nf6 6. Nc3 d6 7. Bd3 Be7 8. Be3
Qc7 9. O-O O-O 10. f4 b6 11. f5 e5 12. Nde2 Ng4 13. Bd2 Qc5+ 14. Kh1 Nf2+ 15.
Rxf2 Qxf2 16. Qc1 Qc5 17. Be3 Qc6 18. Nd5 Bd8 19. f6 Re8 20. Bh6 Bxf6 21. Nxf6+
gxf6 22. Qf1 Nd7 23. Qf5 Kh8 24. Rf1 Rg8 25. Nc3 Rg6 26. Qh5 Nc5 27. Bc2 Bg4
28. Qh4 Nd7 29. b3 f5 30. Nd5 f4 31. Ne7 Rxh6 32. Qxh6 Qc7 33. Nf5 Bxf5 34.
exf5 Rg8 35. f6 Nf8 36. Rf3 Qc6 37. Qh5 Qb7 38. Qf5 Qd7 39. Rh3 Qxf5 40. Bxf5
Ng6 41. Kg1 Rd8 42. Rd3 Nf8 43. Kf2 h6 44. Rh3 Nd7 45. Rxh6+ Kg8 46. Kf3 Nc5
47. Be4 b5 48. Bd5 bxc4 49. bxc4 Rc8 50. Rg6+ Kf8 51. Rg7 Rc7 52. h4 Nd3 53. a3
e4+ 54. Kxe4 Ne5 55. h5 Rd7 56. h6 Ng6 57. h7 Re7+ 58. fxe7+ Kxe7 59. Rxg6 fxg6
60. h8=Q 1-0

[Event "Ontario-ch w"]
[Site "Toronto CAN"]
[Date "2002.08.14"]
[Round "3"]
[White "Kagramanov, Dina"]
[Black "Belc, Daniela"]
[Result "1/2-1/2"]
[WhiteElo "2067"]
[BlackElo "2138"]
[PlyCount "96"]
[EventDate "2002.08.12"]
[EventType "tourn"]
[EventRounds "6"]
[EventCountry "CAN"]

1. e4 c5 2. Nf3 g6 3. c3 Bg7 4. Bb5 Qa5 5. Ba4 Nf6 6. d3 b5 7. Bc2 Bb7 8. O-O
d6 9. Nbd2 Nc6 10. h3 O-O 11. Nh2 b4 12. Nc4 Qc7 13. Ne3 bxc3 14. bxc3 e6 15.
f4 Nh5 16. Bd2 Ne7 17. f5 exf5 18. exf5 Be5 19. Nhg4 Ng3 20. f6 Nxf1 21. fxe7
Qxe7 22. Qxf1 Bg7 23. Re1 Qh4 24. Nc4 Rad8 25. Qf4 Kh8 26. Nxd6 Bd5 27. Ne4 f5
28. g3 Qh5 29. Nef6 Bxf6 30. Nxf6 Rxf6 31. Qe5 Kg7 32. c4 Bxc4 33. Qe7+ Rf7 34.
Qxd8 Qxh3 35. Bc3+ Kh6 36. Qh4+ Qxh4 37. gxh4 Bxa2 38. Ra1 Bd5 39. Bd2+ Kh5 40.
Bg5 h6 41. Bd8 Rd7 42. Bf6 Rf7 43. Bd8 g5 44. hxg5 hxg5 45. Ra5 Rd7 46. Bf6 c4
47. dxc4 Bxc4 48. Bxf5 Rd5 1/2-1/2

[Event "Ontario-ch w"]
[Site "Toronto CAN"]
[Date "2002.08.14"]
[Round "3"]
[White "Smith, Hazel"]
[Black "Xia, Angel"]
[Result "1-0"]
[WhiteElo "1766"]
[BlackElo "1788"]
[PlyCount "111"]
[EventDate "2002.08.12"]
[EventType "tourn"]
[EventRounds "6"]
[EventCountry "CAN"]

1. e4 e5 2. Nf3 Nc6 3. Nc3 Nf6 4. d4 exd4 5. Nxd4 Bb4 6. Nxc6 dxc6 7. Bd3 h6 8.
O-O Bg4 9. f3 Bc5+ 10. Kh1 Be6 11. Na4 Bd6 12. Re1 Be5 13. Nc5 Bc8 14. Bc4 O-O
15. c3 Bd6 16. Nd3 Be7 17. Nf4 b5 18. Bb3 Qxd1 19. Rxd1 Nd7 20. Ng6 Re8 21.
Nxe7+ Rxe7 22. Bf4 Nc5 23. Rd8+ Kh7 24. Rad1 Bb7 25. Rxa8 Bxa8 26. Bc2 g5 27.
Be3 Na6 28. Bxa7 c5 29. a4 bxa4 30. Bxa4 c6 31. Bb6 Rb7 32. Bxc6 Rxb6 33. Bxa8
Rxb2 34. Bd5 Kg7 35. h3 Nc7 36. Bxf7 Nb5 37. Rd7 Nxc3 38. Rc7 Kf6 39. Be8 Ne2
40. Rxc5 Nf4 41. Rb5 Rxg2 42. Rf5+ Ke7 43. Rxf4 gxf4 44. Kxg2 Kxe8 45. h4 Kf7
46. Kh3 h5 47. Kg2 Ke6 48. Kf2 Ke5 49. Ke2 Kd4 50. Kd2 Kc4 51. Kc2 Kd4 52. Kd2
Kc4 53. e5 Kd5 54. Kd3 Kxe5 55. Kc4 Kf5 56. Kd5 1-0

[Event "Ontario-ch w"]
[Site "Toronto CAN"]
[Date "2002.08.14"]
[Round "3"]
[White "Sviridovitch, Alina"]
[Black "Rodina, Nataliya"]
[Result "1/2-1/2"]
[WhiteElo "1790"]
[BlackElo "1879"]
[PlyCount "60"]
[EventDate "2002.08.12"]
[EventType "tourn"]
[EventRounds "6"]
[EventCountry "CAN"]

1. d4 d5 2. c4 e6 3. Nf3 Nf6 4. Nc3 c6 5. Bg5 h6 6. Bh4 Nbd7 7. e3 Qa5 8. c5
Ne4 9. Qc2 g5 10. Bg3 Nxg3 11. hxg3 Bg7 12. a3 Qc7 13. Be2 Nf6 14. b4 Bd7 15.
Ne5 Ne4 16. Nxe4 dxe4 17. Nxd7 Qxd7 18. Qxe4 Qd5 19. Qxd5 exd5 20. g4 a6 21.
Bd3 Ke7 22. Kd2 Kd7 23. a4 Rhb8 24. a5 Re8 25. Rh3 Re7 26. Bf5+ Kc7 27. Re1
Rae8 28. Rhh1 Kd8 29. Kd1 Kc7 30. Kd2 Kd8 1/2-1/2